Mejoramiento didáctico de los principios dinámicos en estructuras
Guardado en:
| Hovedforfatter: | |
|---|---|
| Format: | Bog |
| Udgivet: |
San José, C.R.
2002
|
| Fag: | |
| Tags: |
Tilføj Tag
Ingen Tags, Vær først til at tagge denne postø!
|
MARC
| LEADER | 00000nam a2200000Ia 4500 | ||
|---|---|---|---|
| 003 | 009038 | ||
| 005 | 20221231144150.0 | ||
| 008 | 140114s2002 cr a m 000 ||s d | ||
| 040 | |c cru CEDI | ||
| 090 | |a TFG 4600 | ||
| 100 | |a Zeledón Quirós, Andrés |9 7157 | ||
| 245 | |a Mejoramiento didáctico de los principios dinámicos en estructuras | ||
| 260 | |c 2002 |a San José, C.R. | ||
| 300 | |a 63 hojas : ilustraciones (algunas a color) | ||
| 500 | |a Tesis (licenciatura en ingeniería civil)--Universidad de Costa Rica. Facultad de Ingeniería. Escuela de Ingeniería Civil | ||
| 650 | |x DINAMICA DE ESTRUCTURAS |x VIBRACION (INGENIERIA) |x EDIFICIOS |x EFECTOS SISMICOS |x INGENIERÍA DE ESTRUCTURAS |x RESISTENCIA A LOS TERREMOTOS |x DISEÑO DE ESTRUCTURAS |9 7158 | ||
| 942 | |c TFG | ||
| 999 | |c 17845 |d 17845 | ||
